| 000 | 00577nam a2200217 i 4500 | ||
|---|---|---|---|
| 001 | 21158 | ||
| 003 | ES-MaACL | ||
| 005 | 20230906152430.0 | ||
| 007 | t| | ||
| 008 | 021121s1974 sp ||||1| lat d | ||
| 080 | _a92(460.23)(088.3) | ||
| 080 | _a849.9-36"19" | ||
| 245 | 0 | 0 |
_aHomo sapiens catalanibus / _cVíctor Alba. |
| 250 | _a1ª ed. | ||
| 260 |
_a[Barcelona] : _bPáortic, _c[1974] |
||
| 300 |
_a167 p. ; _c18 cm. |
||
| 650 | 4 |
_aCatalanes- _vAnécdotas. _9156025 |
|
| 650 | 4 |
_aAnécdotas. _9156026 |
|
| 700 | 1 |
_aAlba, Víctor. _919198 |
|
| 852 |
_aES-MaACL _jE-8047 |
||
| 999 |
_c21158 _d21158 |
||